[Event "Stay Safe Play From Home 172"]
[Site "T#646326Emanuel Laske"]
[Date "2020.05.25"]
[Round "1"]
[White "Mepe_Nika"]
[Black "The Next Contender"]
[Result "0-1"]
[WhiteElo "2264"]
[BlackElo "1897"]
[Annotator "TA"]
[PlyCount "122"]
[EventDate "2020.05.25"]
[EventType "swiss (blitz)"]

{[%evp 13,121,3,8,-16,19,6,0,0,13,0,43,27,25,15,69,70,77,28,17,32,29,-16,-33,-16,0,0,12,19,63,22,29,20,23,18,108,24,135,0,0,-42,0,-52,-49,-64,-36,-41,-36,-14,87,-245,-101,-95,-121,-541,-483,-477,-466,-507,-524,-524,-524,-525,-513,-612,-516,-29983,-29984,-29986,-29980,-29987,-29986,-29988,-29989,-29992,-29989,-29990,-29991,-29991,-29991,-29991,-29992,-29994,-29988,-29988,-29989,-29990,-29991,-29991,-29992,-29997,-29993,-29997,-29998,-29998,-29999,-29999,-29997,-29997,-29987,-29999,-29994,-29995,-29995,-29995,-29996,-29996,-29997,-29997,-29998,-29999]} 1. d4 d5 2. Bf4 c5 3. e3 e6 4. c3 Nf6 5. Nd2 Nc6 6. Ngf3 Be7 7. Bd3 Nh5 $1 {[%mdl 4] outshines the older 7...0-0.} 8. Be5 {D02: 1 d4 d5 2 Nf3 sidelines, including 2...Nf6 3 g3 and 2...Nf6 3 Bf4.} Nxe5 9. Nxe5 Nf6 10. O-O {The position is equal.} O-O 11. f4 b6 {[#]} 12. Rf3 $146 ({Predecessor:} 12. g4 Bb7 13. Qf3 Nd7 14. Nxd7 Qxd7 15. Qh3 g6 16. Nf3 a5 17. Ne5 Qc7 18. g5 {½-½ (39) Begmuratov,A (2410)-Urazayev,A (2450) Tashkent 2019}) 12... Bb7 13. Rh3 h6 (13... g6 $1 $11) 14. g4 Nd7 $1 15. Bb1 Nxe5 16. fxe5 Bg5 17. Qc2 {[%csl Gb1][%cal Rc2h7]} g6 18. Qd3 Kg7 19. Nf3 cxd4 20. exd4 Rh8 21. Bc2 a5 22. Qf1 Ba6 23. Qf2 Qe7 (23... Rf8 $11) 24. Kh1 (24. Nxg5 $16 {And now Nf3 would win.} Qxg5 25. Rf3) 24... Rac8 (24... Bf4 $11) 25. Ng1 ({Better is} 25. Nxg5 $16 hxg5 26. Rf3) 25... Rcf8 26. Rf3 f6 27. Rd1 (27. h4 $11) 27... fxe5 $1 $15 28. dxe5 Rxf3 (28... Qc5 $5 {[%cal Rc5f2]} 29. Qg3 Bb7 $17) 29. Nxf3 Rf8 30. Kg2 $1 d4 (30... Qe8 $11 {keeps the balance.}) 31. Qxd4 $2 {[%mdl 8192]} (31. Rxd4 $16 {is necessary to keep the advantage.} Qe8 32. Bd3) 31... Bb7 (31... Be2 $19 {is more deadly.} 32. Rd3 Rf4 33. Qxb6 Qf7) 32. Be4 $17 {Strongly threatening Bxb7.} Rf4 $1 $36 {[%csl LRe4,LRg4][%mdl 2112] Double Attack. Black is on the roll.} 33. Nxg5 $2 {[%mdl 8192]} (33. Re1 $17 {was the crucial defense.}) 33... Qxg5 34. Qd7+ Rf7 35. Bxb7 Qxg4+ (35... Rxd7 $2 36. Rxd7+ Kf8 37. Bf3 $19) 36. Kh1 Rxd7 37. Rxd7+ $19 {[%mdl 4096] Endgame KQ-KRB} Kf8 38. Rd2 {[#]} Qf4 $1 {[%cal Rf4f1]} 39. Bg2 (39. Rd1 $19 Ke7 40. Rg1) 39... Qxd2 {Black mates.} 40. h3 Qf2 41. Kh2 Qxb2 {[%mdl 64] Double Attack} 42. Kg3 Qxa2 43. Kf4 Qb2 44. Be4 Qxc3 45. Bxg6 Qd4+ 46. Be4 a4 47. h4 {[#]} Qxe4+ $1 {[%mdl 64] Promotion} 48. Kxe4 {KP-KP} a3 49. Kf4 a2 50. Kg4 a1=Q 51. Kh5 Qxe5+ 52. Kg6 Qf5+ 53. Kxh6 Qg4 54. h5 {[#]} Qh4 $1 55. Kg6 {[#]} Qxh5+ $1 56. Kf6 (56. Kxh5 b5) 56... b5 {[%csl Ge6][%cal Rh5f5]} 57. Kxe6 b4 58. Kd6 b3 59. Kd7 b2 60. Ke6 b1=Q 61. Kf6 Qb6# {Accuracy: White = 51%, Black = 59%.} 0-1

[Event "Stay Safe Play From Home 172"]
[Site "T#646326Emanuel Laske"]
[Date "2020.05.25"]
[Round "1"]
[White "Lamborghini"]
[Black "matanant"]
[Result "1-0"]
[WhiteElo "2227"]
[BlackElo "1622"]
[Annotator "TA"]
[PlyCount "47"]
[EventDate "2020.05.25"]
[EventType "swiss (blitz)"]

{[%evp 9,46,-26,-5,-39,-37,-66,-12,-10,-15,-13,-12,-20,21,32,38,0,38,33,54,-24,93,96,95,88,85,96,275,268,276,269,479,433,860,857,29991,29992,29992,29991,29999]} 1. e4 e5 2. Nf3 d5 3. d3 dxe4 4. dxe4 Qxd1+ 5. Kxd1 f6 {[#]} 6. c3 $146 {C40: Latvian and Elephant Gambits.} ({Predecessor:} 6. Be3 Nd7 7. Bc4 Bc5 8. Ke2 Bxe3 9. Kxe3 Nb6 10. Bb3 Ne7 11. Na3 Bd7 12. Rhd1 O-O-O {½-½ (53) Argandona Riveiro,I (2414)-Alsina Leal,D (2546) San Sebastian 2014}) 6... Bc5 7. Ke1 Be6 ({Black should play} 7... a5 $15) 8. Nbd2 {The position is equal.} Ne7 9. Bc4 Bxc4 10. Nxc4 O-O 11. b4 Bb6 12. a4 {[#] Strongly threatening a5.} a6 13. Ke2 Ba7 14. Ba3 (14. Rd1 $14) 14... Nd7 (14... b5 $11 {keeps the balance.} 15. Ncd2 Nd7) 15. Rhd1 $16 Nb6 16. Nxb6 Bxb6 17. Rd7 $36 {[%mdl 2048] White is really pushing.} Rfe8 $2 {Now Black is done in.} (17... Ng6 $16 {keeps fighting.}) 18. a5 $18 Ba7 19. Rxc7 Rab8 $2 (19... Ng6 20. Rxb7 Rec8) 20. Rd1 Nc6 (20... Ng6 $142 21. Rdd7 Nf4+ 22. Kf1 Ne6) 21. Rdd7 Nd8 22. Rxg7+ {[%mdl 64] [#] Double Attack. White mates.} Kf8 23. Rxh7 {[%cal Rh7h8]} b5 24. Rh8# {Accuracy: White = 78%, Black = 29%.} 1-0

[Event "Stay Safe Play From Home 172"]
[Site "T#646326Emanuel Laske"]
[Date "2020.05.25"]
[Round "1"]
[White "SoulofWolf"]
[Black "Trotsky"]
[Result "1-0"]
[WhiteElo "2223"]
[BlackElo "1549"]
[Annotator "TA"]
[PlyCount "45"]
[EventDate "2020.05.25"]
[EventType "swiss (blitz)"]

{[%evp 9,45,-29,-20,-20,-28,-32,4,-7,37,24,44,28,69,78,159,28,63,60,111,83,377,374,577,545,544,545,662,558,562,557,872,857,970,964,1047,722,1714,1728]} 1. e4 c5 2. Nc3 e6 3. f4 d5 4. d3 Nc6 5. Bd2 d4 6. Nce2 {[#] B23: Closed Sicilian: Lines without g3.} Bd6 $146 ({Predecessor:} 6... g6 7. Nf3 Bg7 8. g3 Nge7 9. Bg2 O-O 10. O-O f5 11. e5 Qd7 12. c3 dxc3 13. Bxc3 {0-1 (73) Rajnys,V (2060)-Tesar,J (1993) Stare Mesto 2015}) 7. Nf3 Qc7 8. g3 {The position is equal.} f6 9. Bg2 Bd7 10. O-O O-O-O 11. c3 h5 (11... dxc3 $142 12. bxc3 (12. Nxc3 Be7 $16) (12. Bxc3 Nge7 $14) 12... Nh6) 12. h4 (12. e5 $16 Be7 13. cxd4) 12... Nh6 13. cxd4 Ng4 (13... Qb6 $14) 14. Rc1 $36 {[%mdl 2048] Keeping Black busy.} Kb8 $2 {[%mdl 8192] [#] Loses the game.} (14... Qb6 $16 {was called for.}) 15. dxc5 $18 Bxf4 (15... Bf8 {might work better.} 16. d4 Be8) 16. Bxf4 {White is clearly winning.} e5 17. Bd2 g5 18. b4 gxh4 19. Nxh4 f5 20. b5 f4 21. bxc6 Bxc6 22. gxf4 exf4 23. Bxf4 {Accuracy: White = 63%, Black = 15%.} 1-0

[Event "Stay Safe Play From Home 172"]
[Site "T#646326Emanuel Laske"]
[Date "2020.05.25"]
[Round "1"]
[White "Lazieri3"]
[Black "UHU4"]
[Result "1-0"]
[WhiteElo "2133"]
[BlackElo "1482"]
[PlyCount "41"]
[EventDate "2020.05.25"]
[EventType "swiss (blitz)"]

1. e4 {[%emt 0:00:03]} d5 {[%emt 0:00:01]} 2. Nc3 {[%emt 0:00:00]} d4 {[%emt 0:00:01]} 3. Nce2 {[%emt 0:00:02]} e5 {[%emt 0:00:01]} 4. d3 {[%emt 0:00:00]} Nc6 {[%emt 0:00:01]} 5. f4 {[%emt 0:00:00]} Nf6 {[%emt 0:00:02]} 6. fxe5 {[%emt 0:00:00]} Nxe5 {[%emt 0:00:01]} 7. Nf3 {[%emt 0:00:01]} Nxf3+ {[%emt 0:00:04]} 8. gxf3 {[%emt 0:00:00]} Bc5 {[%emt 0:00:02]} 9. Ng3 {[%emt 0:00:02]} Bd7 {[%emt 0:00:03]} 10. Bg2 {[%emt 0:00:02]} Qe7 {[%emt 0:00:02]} 11. O-O {[%emt 0:00:00]} O-O-O {[%emt 0:00:02]} 12. f4 {[%emt 0:00:01]} g6 {[%emt 0:00:01]} 13. f5 {[%emt 0:00:02]} h5 {[%emt 0:00:10]} 14. fxg6 {[%emt 0:00:01]} fxg6 {[%emt 0:00:01]} 15. Bg5 {[%emt 0:00:01]} Rdf8 {[%emt 0:00:01]} 16. Qf3 {[%emt 0:00:03] UHU4 reconnected.} Bg4 {[%emt 0:00:07]} 17. Qf4 {[%emt 0:00:08]} Bd6 {[%emt 0:00:03]} 18. Bxf6 {[%emt 0:00:01]} Rxf6 {[%emt 0:00:09]} 19. Qxf6 {[%emt 0:00:02]} Qxf6 {[%emt 0:00:02]} 20. Rxf6 {[%emt 0:00:01]} Bxg3 {[%emt 0:00:04] '} 21. hxg3 {[%emt 0:00:01] Tiempo (Lag: Av=1.17s, max=12.9s)} 1-0

[Event "Stay Safe Play From Home 172"]
[Site "T#646326Emanuel Laske"]
[Date "2020.05.25"]
[Round "1"]
[White "Castlingarrocco"]
[Black "Majstor-resa"]
[Result "1-0"]
[WhiteElo "2043"]
[BlackElo "1655"]
[Annotator "TA"]
[PlyCount "101"]
[EventDate "2020.05.25"]
[EventType "swiss (blitz)"]

{[%evp 9,101,3,7,-3,41,37,39,35,42,35,49,50,49,15,44,-38,180,174,166,76,120,68,110,33,95,75,110,0,90,46,42,22,35,31,49,0,0,0,0,-7,0,0,0,0,2,-6,8,-71,30,31,36,26,30,0,71,18,24,-944,-935,-919,-913,-950,-930,-29990,-553,-553,-552,-546,-539,-562,-503,-554,-558,-570,-543,-707,-556,-698,-698,-695,-693,-686,-670,-654,-458,-576,-540,-662,-641,-796,-692,-645,-620,-604]} 1. d4 d5 2. e3 Nf6 3. f4 Nc6 4. Nf3 Bg4 5. Be2 e6 6. Ne5 {A03: Bird's Opening with 1...d5.} Nxe5 7. fxe5 Bxe2 8. Qxe2 {[#] White is slightly better.} Nd7 $146 ({Predecessor:} 8... Ne4 9. O-O Qd7 10. Nd2 Nxd2 11. Bxd2 Be7 12. Qg4 g6 13. Qf3 Bg5 14. Qg3 Qe7 {1-0 (49) Aumont,A (1771)-Hubert,R (2006) Sautron 2009}) 9. O-O Bb4 10. c3 Ba5 11. Nd2 Bb6 12. e4 (12. a4 $14 a5 13. Kh1) 12... Qh4 $2 (12... Nxe5 $1 $15 {stays ahead.} 13. a4 a5) 13. exd5 $18 exd5 14. Nf3 (14. e6 $18 {has better winning chances.} fxe6 15. Qxe6+ {[%mdl 64] Double Attack} Qe7 16. Qxd5) 14... Qe7 15. Bg5 (15. a4 $16 {a5 is the strong threat.} a5 16. Bg5) 15... Qe6 16. Bf4 (16. Nh4 $16) 16... O-O-O (16... f6 $14) 17. Ng5 Qe7 18. Nf3 (18. e6 $16 fxe6 19. Qxe6) 18... h6 (18... Qe6 $1 $11 {keeps the balance.}) 19. Qf2 Rdf8 20. Rac1 g5 21. Bg3 h5 22. Qe2 h4 23. Bf2 g4 24. Ne1 g3 25. hxg3 hxg3 26. Bxg3 Rfg8 27. Rf3 Rh7 28. Qf2 (28. Nd3 $11) 28... Rhg7 ({Black should play} 28... Rgh8 $17 {[%csl Gh8][%cal Rh7h1]} 29. Qc2 Rh5) 29. Kf1 $11 Nf8 30. Nd3 Ne6 31. Nf4 (31. Bh4 $5 {[%cal Rh4e7]} Qe8 32. g3 $14) 31... Ng5 {[#]} (31... Qg5 $11 {remains equal.}) 32. Re3 ({White should try} 32. Bh4 $1 $16) 32... Ne4 33. Qe2 $2 {[%mdl 8192]} (33. Nxd5 $11 Qe6 34. Nxb6+ axb6 35. Rxe4 Rxg3 36. Rh4) 33... Nxg3+ $19 34. Rxg3 Rxg3 35. Qf2 Qg5 {[#] Hoping for ...Rg4.} 36. Nh3 Rxg2 (36... Qxc1+ $142 37. Qe1 Qxb2 38. Qe2 Qxc3 39. Qe1 Qxd4 40. Qf2 Qxf2+ 41. Nxf2 Rxg2 42. Nh3 Rxa2 43. e6 fxe6 44. Ke1 Rg3 45. Kd1 Rxh3 46. Ke1 Rh1#) 37. Nxg5 {Black is clearly winning.} Rxf2+ 38. Kxf2 Rxg5 {[%mdl 4096] Endgame KRB-KR} 39. Rh1 Rf5+ 40. Ke3 Kd7 41. Rh7 Ke7 42. c4 c5 43. dxc5 Bxc5+ 44. Kd3 dxc4+ 45. Kxc4 b6 46. Kd5 Kf8 47. Rh8+ Kg7 48. Ra8 f6 49. Rxa7+ Kg6 50. Ra8 Rxe5+ 51. Kc4 {[%mdl 32768] Never resign too early! Accuracy: White = 39%, Black = 62%. . Sensor Board Error (Ke4/e5)?} 1-0

[Event "Stay Safe Play From Home 172"]
[Site "T#646326Emanuel Laske"]
[Date "2020.05.25"]
[Round "1"]
[White "Fischer_11"]
[Black "Rogan"]
[Result "0-1"]
[WhiteElo "1902"]
[BlackElo "2281"]
[Annotator "NA"]
[PlyCount "94"]
[EventDate "2020.05.25"]
[EventType "swiss (blitz)"]

1. e4 {[%emt 0:00:01]} d5 {[%emt 0:00:00]} 2. a3 {[%emt 0:00:01]} dxe4 {[%emt 0:00:01]} 3. Nc3 {[%emt 0:00:00]} Nf6 {[%emt 0:00:00]} 4. Qe2 {[%emt 0:00:01]} Bf5 {[%emt 0:00:01]} 5. Qb5+ {[%emt 0:00:00]} Nbd7 {[%emt 0:00:01]} 6. Qxf5 {[%emt 0:00:01]} e6 {[%emt 0:00:03]} 7. Qf4 {[%emt 0:00:01]} Bd6 {[%emt 0:00:01]} 8. Qe3 {[%emt 0:00:00]} Bc5 {[%emt 0:00:01]} 9. Qe2 {[%emt 0:00:01]} e3 {[%emt 0:00:03]} 10. Ne4 {[%emt 0:00:01]} Nxe4 {[%emt 0:00:03]} 11. fxe3 {[%emt 0:00:03]} Qh4+ {[%emt 0:00:02]} 12. g3 {[%emt 0:00:05]} Nxg3 {[%emt 0:00:01]} 13. Qf2 {[%emt 0:00:01]} Nf5 {[%emt 0:00:01]} 14. Qxh4 {[%emt 0:00:03]} Nxh4 {[%emt 0:00:00]} 15. d4 {[%emt 0:00:02]} Bd6 {[%emt 0:00:01]} 16. c3 {[%emt 0:00:00]} Nf6 {[%emt 0:00:02]} 17. Bd3 {[%emt 0:00:03]} O-O-O {[%emt 0:00:03]} 18. e4 {[%emt 0:00:01]} e5 {[%emt 0:00:02]} 19. d5 {[%emt 0:00:01]} Bc5 {[%emt 0:00:01]} 20. Ke2 {[%emt 0:00:08]} c6 {[%emt 0:00:01]} 21. c4 {[%emt 0:00:01]} cxd5 {[%emt 0:00:01]} 22. cxd5 {[%emt 0:00:00]} Kb8 {[%emt 0:00:00]} 23. Be3 {[%emt 0:00:01]} Bxe3 {[%emt 0:00:01]} 24. Kxe3 {[%emt 0:00:00]} Ng2+ {[%emt 0:00:01]} 25. Kf2 {[%emt 0:00:02]} Nf4 {[%emt 0:00:00]} 26. Ke3 {[%emt 0:00:01]} Nxd3 {[%emt 0:00:03]} 27. Kxd3 {[%emt 0:00:00]} Rc8 {[%emt 0:00:02]} 28. Nf3 {[%emt 0:00:01]} Nd7 {[%emt 0:00:02]} 29. Rac1 {[%emt 0:00:01]} f6 {[%emt 0:00:01]} 30. Rxc8+ {[%emt 0:00:03]} Rxc8 {[%emt 0:00:00]} 31. Rd1 {[%emt 0:00:01]} Nc5+ {[%emt 0:00:00]} 32. Ke3 {[%emt 0:00:01]} Nb3 {[%emt 0:00:00]} 33. Rd2 {[%emt 0:00:01]} Nxd2 {[%emt 0:00:02]} 34. Nxd2 {[%emt 0:00:00]} Rc2 {[%emt 0:00:01]} 35. b3 {[%emt 0:00:02]} Rc3+ {[%emt 0:00:01]} 36. Ke2 {[%emt 0:00:01]} Rh3 {[%emt 0:00:01]} 37. Nf3 {[%emt 0:00:02]} Kc7 {[%emt 0:00:01]} 38. Kf2 {[%emt 0:00:00]} Kd6 {[%emt 0:00:01]} 39. Kg2 {[%emt 0:00:00]} Rh5 {[%emt 0:00:00]} 40. h4 {[%emt 0:00:01]} f5 {[%emt 0:00:01]} 41. Nd2 {[%emt 0:00:03]} Rxh4 {[%emt 0:00:02]} 42. exf5 {[%emt 0:00:01]} Rd4 {[%emt 0:00:01]} 43. Nf3 {[%emt 0:00:01]} Rd3 {[%emt 0:00:01]} 44. Kg3 {[%emt 0:00:00]} Rxb3 {[%emt 0:00:01]} 45. Kg4 {[%emt 0:00:02]} Rxf3 {[%emt 0:00:00]} 46. Kxf3 {[%emt 0:00:01]} Kxd5 {[%emt 0:00:00]} 47. f6 {[%emt 0:00:00]} gxf6 {[%emt 0:00:00] Zeit (Lag: Av=0.32s, max=1.0s) .} 0-1

[Event "Stay Safe Play From Home 172"]
[Site "T#646326Emanuel Laske"]
[Date "2020.05.25"]
[Round "1"]
[White "Greblah"]
[Black "Praveen prasad"]
[Result "0-1"]
[WhiteElo "1863"]
[BlackElo "2234"]
[Annotator "TA"]
[PlyCount "58"]
[EventDate "2020.05.25"]
[EventType "swiss (blitz)"]

{[%evp 9,58,0,8,0,-3,-15,11,0,18,0,7,-4,-3,-5,-9,-8,0,-15,10,0,0,-24,-20,-56,-11,-28,-14,-47,-47,-75,-73,-96,-75,-180,-92,-97,-70,-230,-218,-231,-225,-223,-215,-697,-693,-682,-619,-29981,-29982,-5800,-3993]} 1. e4 d5 2. Nc3 dxe4 3. Nxe4 Nf6 4. Nxf6+ exf6 5. Bc4 Be7 (5... c5 {seems wilder.} 6. Nf3 Nc6 7. O-O Be7 8. d3 O-O) 6. d3 {A00: Irregular Openings.} O-O {[#]} 7. Ne2 $146 ({Predecessor:} 7. Qh5 Nc6 8. Bf4 Nd4 9. O-O-O b5 10. Bb3 c6 11. Re1 a5 12. Be3 Nxb3+ 13. axb3 a4 14. bxa4 Rxa4 15. Ne2 Bg4 16. Qh4 Bxe2 17. f4 Qa5 {0-1 (17) Panchal Tisha,N (1318)-Chitlange,S (2098) Bhopal 2017}) 7... c6 8. O-O {The position is equal.} Re8 9. Ng3 Bf8 10. Bf4 (10. d4 {with more complications.} g6 11. c3 Be6 12. Bd3 Nd7 13. Re1) 10... Be6 11. Bxe6 fxe6 12. Re1 e5 13. Bd2 Nd7 {[%cal Bb8d7,Bd7b6,Bb6d5,Bd5f4][%mdl 32]} 14. Bc3 Nb6 15. Qh5 Nd5 16. Re4 Nf4 17. Qd1 (17. Qf3 {keeps more tension.} Ne6 18. h4 g6 19. Rg4 Bh6 20. Qe4) 17... Qd7 18. Ne2 Nd5 19. Rh4 Rad8 20. Ng3 g6 21. Ne4 (21. Ba5 $17 {might work better.}) 21... Bg7 (21... f5 $19 {And now ...Be7 would win.} 22. Nd2 e4 $1 {[%mdl 512]}) 22. Bd2 $17 Qe7 23. Bh6 $2 {This costs White the game.} (23. g3 $15) 23... Bxh6 $19 24. Rxh6 f5 25. Nc3 {[#]} Nf4 $1 {Strongly threatening ...Qg5!} ({Less strong is} 25... Qg5 26. Nxd5 cxd5 27. Rh3 $15) 26. Rh4 $2 (26. g3 Kg7 27. Rh4) 26... Qxh4 27. g3 Qg5 28. Qd2 Nh3+ {[%mdl 64] Discovered Attack} 29. Kg2 Qxd2 {Accuracy: White = 52%, Black = 75%.} 0-1

[Event "Stay Safe Play From Home 172"]
[Site "T#646326Emanuel Laske"]
[Date "2020.05.25"]
[Round "1"]
[White "Justwatch"]
[Black "Haxhi Baha"]
[Result "0-1"]
[WhiteElo "1729"]
[BlackElo "1959"]
[Annotator "TA"]
[PlyCount "112"]
[EventDate "2020.05.25"]
[EventType "swiss (blitz)"]

{[%evp 9,112,0,0,0,0,-11,48,-42,14,-63,-14,-38,-16,-33,-33,-72,-37,-46,-46,-46,-50,-43,-50,-45,-24,-33,-25,-64,-20,-37,-22,-69,-60,-66,-59,-51,-50,-89,-94,-100,-74,-218,-204,-201,-41,-434,-434,-434,-434,-792,-791,-853,-853,-827,-825,-908,-849,-1055,-1024,-1335,-1343,-29985,-29986,-29990,-29989,-29992,-29993,-29993,-29991,-29992,-29990,-29990,-29990,-29990,-29991,-29991,-29992,-29992,-29993,-29994,-29994,-29994,-29994,-29995,-29996,-29997,-29995,-29995,-29995,-29995,-29995,-29995,-29995,-29999,-29995,-29995,-29996,-29996,-29996,-29996,-29995,-29995,-29996,-29996,-29997]} 1. e3 c5 2. Nf3 d5 3. Nc3 Nc6 4. Bb5 e6 {[#]} 5. Bxc6+ $146 ({Predecessor:} 5. d4 Bd7 6. Bxc6 Bxc6 7. Ne5 Qc7 8. Bd2 cxd4 9. exd4 Bd6 10. Qe2 Ne7 11. Nb5 Bxb5 12. Qxb5+ {0-1 (29) Wiltshir,R (1622)-Clancy,M (1903) Eastleigh 2016}) 5... bxc6 6. O-O {A06: Réti Opening: 1 Nf3 d5.} Bd6 7. d3 a5 (7... Nf6 $11) 8. Ne2 (8. e4 $14) 8... a4 (8... Ne7 $15) 9. Ng3 ({Better is} 9. c4 $11) 9... Nf6 10. Bd2 Qc7 11. Bc3 e5 12. Ng5 d4 13. exd4 cxd4 14. Bd2 O-O 15. N5e4 Nxe4 16. Nxe4 f5 17. Nxd6 Qxd6 18. Qh5 g6 19. Qh6 Bb7 20. a3 c5 21. Rae1 Qd5 {[%csl Gb7][%cal Rd5g2]} 22. f3 Rae8 23. Rf2 f4 24. Rfe2 Rf5 25. Qh3 (25. Qh4 $17) 25... Rh5 $19 26. Qg4 {Black should prevent Bxf4!} Bc8 $2 (26... Rf8 $19 {Strongly threatening ...Bc8.} 27. h4 Bc8 28. Qxh5 {[%mdl 64] Remove Defender} gxh5 29. Rxe5 Qc6 30. Rg5+ Kh8) 27. Qxh5 $4 {[%mdl 8192]} (27. Qxf4 $1 $15 exf4 28. Rxe8+ Kg7 29. Rxc8) 27... gxh5 28. Bxf4 Qa2 29. Bxe5 (29. Bc1 $142) 29... Qxb2 30. Bd6 Rxe2 31. Rxe2 Qxa3 32. Kf2 Bf5 33. Re8+ Kf7 34. Rf8+ Ke6 35. Rxf5 Kxf5 {Black mates.} 36. Be7 Qb2 37. h3 Qxc2+ 38. Kg3 Kg6 39. h4 Qd2 40. Bxc5 Qe1+ 41. Kh3 Qe6+ 42. Kh2 Qe5+ {[%mdl 64] Double Attack} 43. f4 Qxc5 44. Kg1 {[#]} Qf5 $1 45. g3 {[#]} Qg4 $1 46. Kh2 Qe2+ 47. Kh3 Qxd3 48. f5+ Qxf5+ 49. Kg2 {[#]} Qg4 $1 50. Kf2 d3 51. Ke1 Kf5 {[%csl Gd3][%cal Rg4e2]} 52. Kd2 Ke4 53. Kc3 Qxg3 54. Kb4 Qxh4 55. Kc5 d2 56. Kd6 d1=Q+ {Accuracy: White = 38%, Black = 69%.} 0-1

[Event "Stay Safe Play From Home 172"]
[Site "T#646326Emanuel Laske"]
[Date "2020.05.25"]
[Round "1"]
[White "Ebk"]
[Black "Weltszmerc"]
[Result "0-1"]
[WhiteElo "1431"]
[BlackElo "2014"]
[Annotator "TA"]
[PlyCount "32"]
[EventDate "2020.05.25"]
[EventType "swiss (blitz)"]

{[%evp 9,32,-353,-353,-350,-335,-355,-344,-352,-337,-393,-387,-428,-425,-609,-612,-611,-594,-979,-840,-824,-717,-768,-609,-29996,-1023]} 1. e4 Nf6 2. Nc3 d5 3. Nf3 dxe4 4. Nxe4 Nxe4 5. Bd3 {[#]} Nf6 $146 ({Predecessor:} 5... Nc5 6. O-O Nxd3 7. cxd3 Qxd3 8. Ne5 Qf5 9. Nc4 e6 10. b3 Bc5 11. Qe2 Bd4 {0-1 (28) Hadler,H-Mesaros,S Mureck 2010}) 6. O-O {B02: Alekhine's Defence: Chase Variation and lines with early Nc3.} c6 7. b3 Bg4 8. h3 {Black has a decisive advantage.} Bh5 9. g4 Bg6 10. Bxg6 hxg6 (10... fxg6 $2 11. Re1 $19) 11. Ba3 (11. Kg2 $142) 11... Rxh3 $19 12. Kg2 Rh8 13. Ng5 Qd5+ {[%mdl 64] [#] Double Attack} 14. Nf3 Nxg4 {Threatens to win with ...Ne5.} 15. c4 Qh5 {( -> ...Qh3+)} 16. Kg3 Qh3+ {White got outplayed after the opening} (16... Nf6 $142 17. Ng1 Qg5+ 18. Kf3 Qg4+ 19. Ke3 Qe4#) 0-1

[Event "Stay Safe Play From Home 172"]
[Site "T#646326Emanuel Laske"]
[Date "2020.05.25"]
[Round "2"]
[White "Indianquant"]
[Black "Greblah"]
[Result "1-0"]
[WhiteElo "2229"]
[BlackElo "1859"]
[Annotator "TA"]
[PlyCount "41"]
[EventDate "2020.05.25"]
[EventType "swiss (blitz)"]

{[%evp 12,40,22,21,44,38,50,47,46,26,63,31,52,0,61,-25,60,57,118,115,118,115,153,97,100,114,246,213,697,670,29999]} 1. Nf3 c6 2. c4 d5 3. d4 Nf6 4. e3 e6 5. Nc3 Be7 6. Bd3 O-O 7. O-O a6 {D45: Semi-Slav: 5 e3.} 8. b3 b5 9. Bb2 Bb7 {White is slightly better.} 10. Qc2 Nbd7 11. Rad1 {[#]} g6 $146 ({Predecessor:} 11... h6 12. Ne2 bxc4 13. bxc4 Qb6 14. c5 Qc7 15. Ng3 a5 16. Qe2 Rfb8 17. Bc3 Bd8 {1-0 (34) Kukov,V (2396)-Dragomirescu,A (2221) Golden Sands 2013}) 12. Rfe1 (12. c5 $14) 12... Re8 ({Better is} 12... dxc4 $11 13. bxc4 c5) 13. Ne5 (13. e4 $14) 13... dxc4 (13... Nxe5 $11 14. dxe5 Nd7) 14. bxc4 $14 Nxe5 ({Black should try} 14... Qc7 $14) 15. dxe5 $16 Nd7 16. Ne4 ({But not} 16. cxb5 $6 axb5 17. Be2 Rf8 $11) 16... Qc7 17. f4 (17. c5 $142) 17... Nc5 {[#]} 18. Nd6 $1 Bxd6 (18... Red8 $16 {is a better defense.}) 19. exd6 $18 Qxd6 $2 (19... Qa5 20. cxb5 Na4 21. bxc6 Nxb2) 20. Bxg6 Qf8 21. Bxh7# {Accuracy: White = 55%, Black = 29%.} 1-0